=LDR 00000nam 2200000 4500 =001 INLIS000000000000833 =005 20130612085245 =008 ***********************************Ind** =035 ##$$0010-061300000000833 =041 ##$$a Ind =082 ##$$a 92(Dewantara) =090 ##$$a 92(Dewantara), Dew-s =100 ##$$a Dewantara, Bambang S =245 ##$$a 100 tahun Kihajar Dewantara, Bambang S Dewantara =260 ##$$a 1989 $b Jakarta =300 ##$$a 120 hlm, ilus, 21 cm =650 ##$$a Dewantara, Kihajar =850 ##$$a NBPNMAT =990 ##$$a 2090101147/BPAP-NTB/2015